Business Week
Kaydedildi:
| Materyal Türü: | Süreli |
|---|---|
| Dil: | English |
| Baskı/Yayın Bilgisi: |
McGraw-Hill,
2001
|
| Konular: | |
| Etiketler: |
Etiketle
Etiket eklenmemiş, İlk siz ekleyin!
|
| Thư viện lưu trữ: | Mạng thư viện Đại học Đà Nẵng |
|---|
| LEADER | 00561cas a2200253 i 4500 | ||
|---|---|---|---|
| 001 | 000047361 | ||
| 003 | 7021 | ||
| 005 | 20021116151019.0 | ||
| 008 | 010315|2001 vm 000 eng | ||
| 040 | |a IRC |c IRC |d IRC | ||
| 041 | 0 | |a eng | |
| 082 | 1 | 4 | |a 000 |b Bu-S |
| 245 | 0 | 0 | |a Business Week |
| 260 | |b McGraw-Hill, |c 2001 | ||
| 650 | 0 | 4 | |a Business Week |
| OWN | |a DUT | ||
| 999 | |a From the UDN01 | ||
| TYP | |a Printed language | ||
| 980 | |a Mạng thư viện Đại học Đà Nẵng | ||